000 00205nam a2200085Ia 4500
008 120527s9999 xx 000 0 und d
100 _aLiebaert, M.
245 _aBiology:Concepts and Connections
942 _cBK
999 _c27305
_d27305